000
00285nam a22001337a 4500
008
170908b xxu||||| |||| 00| 0 eng d
020
_a
9780671850142
041
_a
eng
080
_a
91
100
_a
42
101
_a
GEO
245
_a
SANDRIVERS
_c
MATTHIESSSEN.P
942
_2
udc
_c
BK
999
_c
26813
_d
26813